| 000 | 003860000a22001450004500 | ||
|---|---|---|---|
| 041 | 0 | _aSPA | |
| 082 | 0 | 4 | _aG 980.46 T2671g |
| 100 | 1 | _aTelban, Blaz | |
| 245 | 1 | 0 | _aGrupos etnicos de Colombia : Etnografía y bibliografía / Blaz Telban |
| 260 | _aQuito : Abya-yala | ||
| 300 | _a526 Pág. | ||
| 650 | 1 | 4 | _aGRUPOS ETNICOS - COLOMBIA \ ETNOLOGIA - COLOMBIA |
| 001 | 14457 | ||
| 942 | _cBK | ||
| 999 |
_c43320 _d43320 |
||